Allegiant (third book in the Divergent series) Quiz Stats

 Plays Quiz not verified by Sporcle

Challenge
Share
Tweet
Embed
Score 0/15 Timer 02:00
0 Plays Today
Hint Answer % Correct
What is the name of the group that rebels against Evelyn?Allegiant
87.4%
Is Four actually divergent? no
84.6%
Is being 'genetically damaged' real?no
84.6%
What is the name of their city?Chicago
75.4%
Did Tris or Four die?Tris
74.7%
During the attack plan with Nita, who gets hurt and eventually dies?Uriah
72.4%
Does Tris successfully accomplish the plan?yes
67.2%
Who dies in an ambush? Tori
64.2%
Hint Answer % Correct
Who is a traitor and will be executed?Caleb
63.5%
Who killed Tris?David
61.4%
When they get out of the city, who does Tobias find out is alive?Amar
61.1%
Who are the leaders of the Allegiant?Johanna and Cara
49.5%
Does Tobias pick Evelyn or Marcus to reset?neither
37.9%
Where did Tris's mom come from?Outside of the city
8.2%
Where does Tobias spread Tris's ashes?Going zip-lining
7.8%

You're not logged in!

Compare scores with friends on all Sporcle quizzes.
OR
Log In

You Might Also Like...

Show Comments

Extras

Created Mar 24, 2015ReportNominate
Tags:Book Quiz, Divergent Quiz, third

Top Quizzes Today


Score Distribution

Your Account Isn't Verified!

In order to create a playlist on Sporcle, you need to verify the email address you used during registration. Go to your Sporcle Settings to finish the process.

Report this User

Report this user for behavior that violates our Community Guidelines.

Details: